Los niños como filósofos: el aprendizaje mediante la indagación y el diálogo en la escuela primaria
Shranjeno v:
| Glavni avtor: | |
|---|---|
| Format: | Knjiga |
| Jezik: | španščina |
| Izdano: |
Barcelona
Paidós
2004
|
| Serija: | Paidós Educador, 174
|
| Teme: | |
| Oznake: |
Označite
Brez oznak, prvi označite!
|
MARC
| LEADER | 00000nam a2200000 a 4500 | ||
|---|---|---|---|
| 001 | UCK3723 | ||
| 003 | CL-VaPUC | ||
| 008 | 050506e20040000SP |||||||||||||||||spa|d | ||
| 020 | |a 8449315670 | ||
| 082 | 0 | 4 | |a 370.1 |b HAY |2 21 |
| 100 | 0 | |a Haynes, Joanna |e author |9 491940 | |
| 245 | 1 | 4 | |a Los niños como filósofos: el aprendizaje mediante la indagación y el diálogo en la escuela primaria |
| 300 | |a 251 p | ||
| 942 | |c BK | ||
| 945 | |d 20050506 00:00:00 |a jcarroza | ||
| 260 | |a Barcelona |b Paidós |c 2004 | ||
| 650 | 0 | |a Enseñanza de la filosofía |9 256848 | |
| 650 | 0 | |a Educación básica |9 224933 | |
| 650 | 7 | |a FILOSOFIA PARA NIÑOS |2 CL-VaPUC |9 491941 | |
| 650 | 0 | |a Métodos de enseñanza |9 270413 | |
| 583 | |a last modification |c 20050506 00:00:00 |k Rodrigo Vera | ||
| 490 | 0 | |a Paidós Educador, 174 | |
| 999 | |c 312817 |d 312815 | ||
| 952 | |0 0 |1 0 |4 0 |6 370_100000000000000_HAY_2004 |7 0 |8 A |9 383652 |a BIBEDU |b BIBEDU |d 2019-11-21 |i 4119924 |o 370.1 HAY 2004 |p 4119924 |r 2019-11-21 |w 2019-11-21 |y BK |k EBA | ||